000 00292nam a22001337a 4500
008 170309b xxu||||| |||| 00| 0 eng d
020 _a0205085016
041 _aeng
080 _23 ED
_a611
100 _a6
101 _aSHM
245 _aPSIHOLOGY OF BEHAVIOR
_cCARLSON.N.R
942 _2udc
_cBK
999 _c7345
_d7345